000 00634nam a2200205Ia 4500
003 GCL
008 140319s9999 xx 000 0 ara d
040 _aGCL /
_cGCL
082 0 4 _a415
_bت م
100 1 _aمحمد فتيح
245 1 0 _aالمعرفة اللغوية: طبيعتها واصولها واستخدامها /
_cمحمد فتيح
700 1 _aتشومسكى، ناعوم
260 _a[S.N] :
_bدار الفكر العربى ،
_c1993
300 _a489 ص
490 _a
650 0 4 _aالنحو
650 0 4 _aاللغة العربية
650 0 4 _aقواعد الاملاء والهجاء
942 _2ddc
_cBK
999 _c32478
_d32478